000 00244nam a2200109Ia 4500
008 190912s9999||||xx |||||||||||||| ||und||
100 _aWhite,Ron
245 0 _aHow Computers Work
260 _aNew Delhi
_bBPB
_c2000
300 _a421
942 _cBK
999 _c7908
_d7908